| 000 | 01091nam a2200253Ia 4500 | ||
|---|---|---|---|
| 999 |
_c38086 _d38086 |
||
| 001 | 4073 | ||
| 003 | GE_BSU | ||
| 005 | 20191002120811.0 | ||
| 008 | 181216s1995||||ge |||||||||||||| ||geo|| | ||
| 020 | _a5511006297 | ||
| 040 | _cGE_BSU | ||
| 041 | _ageo | ||
| 080 | _a347 ხ–47 | ||
| 100 |
_aხეცურიანი, ჯონი _94436 |
||
| 245 |
_aსამოქალაქო სამართლის ფუნქციები. _cრედ. სერგო ორჯონიკიძე. |
||
| 264 |
_aთბილისი : _bთბილისის უნ–ტის გამ–ბა, _c1995. |
||
| 300 |
_a189 გვ. ; _b21 სმ. |
||
| 504 | _aბიბლიოგრ. ტექსტის შენიშვნ. | ||
| 541 | _h3 ლ. | ||
| 653 | _a სამოქალაქო სამართალი | ||
| 700 |
_aჯორბენაძე, სერგო _eრედაქტორი _94014 |
||
| 710 |
_aივ. ჯავახიშვილის სახ. თბილისის სახ. უნ–ტი. _94437 |
||
| 942 |
_cBK _2udc |
||